|
|
|
|
| LEADER |
01219nam a2200325 a 4500 |
| 001 |
14390701 |
| 008 |
120130s2006 enka b 001 0 eng d |
| 010 |
|
|
|a 2006276720
|
| 020 |
|
|
|a 0335218510
|
| 020 |
|
|
|a 0070636141
|
| 020 |
|
|
|a 0335218520 (pbk.)
|
| 040 |
|
|
|a NNC-M
|c NNC-M
|d DLC
|d BD-DhAAL
|
| 042 |
|
|
|a lccopycat
|
| 050 |
0 |
0 |
|a RA971
|b .G596 2006
|
| 082 |
0 |
0 |
|a 362.1068
|2 22
|
| 100 |
1 |
|
|a Goodwin, Nick.
|
| 245 |
1 |
0 |
|a Managing health services /
|c Nick Goodwin, Reinhold Gruen and Valerie Iles.
|
| 250 |
|
|
|a 2nd ed.
|
| 260 |
|
|
|a Maidenhead, Berkshire, England ;
|a New York k :
|b Open University Press ;
|a New Delhi :
|b Tata McGraw Hill,
|c 2006.
|
| 300 |
|
|
|a viii, 235 p. :
|b ill. ;
|c 24 cm.
|
| 490 |
0 |
|
|a Understanding public health
|
| 504 |
|
|
|a Includes bibliographical references and index.
|
| 541 |
|
|
|e 00024420
|
| 650 |
|
0 |
|a Health services administration.
|
| 650 |
1 |
2 |
|a Health Services Administration.
|
| 700 |
1 |
|
|a Gruen, Reinhold.
|
| 700 |
1 |
|
|a Iles, Valerie.
|
| 852 |
1 |
|
|a James P Grant School of Public Health
|c General Shelf.
|
| 999 |
|
|
|c 11833
|d 11833
|
| 952 |
|
|
|0 0
|1 0
|2 ddc
|4 0
|6 362_106800000000000_GOO
|7 0
|9 19342
|a JPGSPH
|b JPGSPH
|c GEN
|d 2012-01-31
|l 0
|o 362.1068 GOO
|p 3060024420
|r 2012-01-31
|t 1
|w 2012-01-31
|y BK
|